Ambulance acronyms - Statistics

General Stats
  • This quiz has been taken 12 times
  • The average score is 10 of 51
Answer Stats
Hint Answer % Correct
T Time
57%
1 1
43%
1 1
43%
1 1
43%
1 1
43%
1 1
43%
1 1
43%
A Age/ Sex
43%
A Allergies
29%
C Cause
29%
E Environment
29%
E ETA
29%
L Last oral intake
29%
M Medications
29%
N Number of casualties
29%
O Onset
29%
O Onset
29%
P Past medical history
29%
R Radiation
29%
R Radiation
29%
S Scene safety
29%
S Signs
29%
A Assessment
14%
B Background
14%
C Character
14%
E Events leading up to
14%
H Hazards
14%
M Major incident
14%
N Number of patients
14%
Q Quality
14%
R Recommendation
14%
S Severity
14%
S Severity
14%
S Signs & symptoms
14%
S Situation
14%
T Treatment
14%
A Access
0%
A Associated symptoms
0%
A Associated symptoms
0%
E Emergency services
0%
E Exact location
0%
E Exhaustion
0%
E Extra resources needed
0%
I Injuries
0%
M MOI
0%
P Provication
0%
R Requests
0%
S Site
0%
T Timing
0%
T Timing
0%
T Type of incident
0%
No matching quizzes found
Score Distribution
Percent of People with Each Score
Percentile by Number Answered
Your Score History
You have not taken this quiz